Score 0/100 Timer 19:00
0 Plays Today
Frequency Name % Correct
2699Maria
98%
2381Mary
97.8%
14174Mia Miah Miya Miyah
96.4%
579Mae May
96.1%
453Marie
95.9%
9476Madison Maddison Madisyn Madyson
95.2%
10680Madelyn Madeline Madilyn Madeleine Madelynn Madilynn Madalyn Madalynn
94.6%
4023Melanie Melany Melani
93.2%
2059Molly Mollie
93.2%
1453Mira Myra Meera
93%
2242Margaret
92.7%
1168Melissa
92.5%
6999Maya Mya Maia Myah Mayah Maiya
92.4%
1278Maggie
91%
5674Mackenzie Mckenzie Makenzie
89.5%
885Millie
89%
3705Makayla Mikayla Michaela Mikaela Micaela Mckayla
88.8%
330Marian Marion
88.1%
7441Mila Myla Mylah Milah
86.2%
441Mattie Maddie
85.9%
786Megan Meghan
85.6%
1421Michelle
85.1%
696Mabel
83.4%
1454Mariana Marianna
81%
370Martha
80.3%
759Maren Marin Maryn
79.6%
596Mara Mayra
79.5%
427Marissa
79.5%
2397Maci Macie Macy Macey
79.3%
1911Morgan
79.1%
469Monica
77.6%
2046Melody
76.7%
400Marina
75.2%
409Mina
74.9%
Frequency Name % Correct
2423Mckenna Makenna Makena
74.4%
2088Mariah Mariyah Moriah
74%
309Maxine
73.5%
896Maisie Maisy Mazie
72.8%
2988Malia Maliyah Maleah Maliah Maliya
72.5%
597Matilda
72.2%
128Melinda
71.3%
191Marlene
70.8%
934Miranda
70.6%
2541Marley Marlee Marleigh Marlie
70.1%
143Martina
69.3%
580Marilyn
68.1%
1134Miriam
67.4%
488Melania Milania
65.9%
464Micah Mika
64.5%
277Marjorie
63.8%
626Meredith
63.3%
860Maeve
63%
189Maura
63%
1272Margot Margo Margaux
61.6%
944Melina Milena Malina
61.6%
556Mallory
61.3%
132Millicent
60.6%
336Mavis
56.9%
285Miley
56.4%
132Moira
53.1%
380Milan
53%
724Mckinley
52%
262Marielle Mariel
52%
275Magdalena
51.4%
125Margarita
48.6%
250Marisol
46.7%
228Marcella
44.1%
293Mariella Mariela
44%
Frequency Name % Correct
1199Maryam Mariam
42.4%
418Milana
39.7%
354Mercy
39.2%
130Maribel
39%
831Miracle
37.5%
239Mercedes
35.5%
1115Milani Meilani Malani
32.6%
808Magnolia
30.6%
503Monserrat Montserrat
28.2%
652Malaysia
27.5%
211Maylee
27.2%
141Moana
27.2%
383Meadow
27%
142Maritza
26%
653Malaya Malayah
25.5%
427Monroe
24.8%
131Marigold
24.1%
122Maelynn
23.4%
264Marlowe
23.1%
178Maryjane
22.1%
118Milagros
21.7%
194Marceline
21.2%
183Majesty
19.5%
146Murphy
13.9%
187Malak
12.7%
174Merritt
11.4%
124Miabella
9.8%
152Maite
9.3%
207Mireya
9%
188Maisyn
8.8%
209Malka
8.5%
117Makiyah
7.5%
Remove Ads.
Support Sporcle.
Get the best of Sporcle when you Go Orange. This ad-free experience offers more features, more stats, and more fun while also helping to support Sporcle. Thank you for becoming a member.

You're not logged in!

Compare scores with friends on all Sporcle quizzes.
OR
Log In

Show Comments

Extras

Top Quizzes Today


Score Distribution

Your Account Isn't Verified!

In order to create a playlist on Sporcle, you need to verify the email address you used during registration. Go to your Sporcle Settings to finish the process.

Report this User

Report this user for behavior that violates our Community Guidelines.

Details: